Plus Beaux Villages de France par images #5 - Statistiques

Statistiques générales
  • Ce quiz a été pris 15 fois
  • Le résultat moyen est 2 sur 16
Statistiques - réponses
Par images Hint Réponse % Correct
Lot (46) Rocamadour
91%
Ardèche (07) Balazuc
27%
Seine-Maritime (76) Veules-les-Roses
27%
Haute-Savoie (74) Yvoire
27%
Yonne (89) Vézelay
18%
Jura (39) Château-Chalon
9%
Rhône (69) Oingt
9%
Aveyron (12) Sainte-Eulalie-d'Olt
9%
Vendée (85) Vouvant
9%
Var (83) Bargème
0%
Drôme (26) La Garde-Adhémar
0%
Lozère (48) La Garde-Guérin (Prévenchères)
0%
Bas-Rhin (67) Mittelbergheim
0%
Lot-et-Garonne (47) Monflanquin
0%
Tarn (81) Puycelsi
0%
Dordogne (24) Saint-Jean-de-Côle
0%
Aucun quiz correspondant
Distribution des résultats
% des personnes avec chaque résultat
Percentile par nombre de réponses
Votre historique - résultats
Vous n’avez pas pris ce quiz